محددات سلوك الجيش إزاء الاحتجاجات الشعبية في الجزائر : (رقم التسجيلة. 176234)

تفاصيل مارك
000 -LEADER
fixed length control field 04651namaa22004211i 4500
003 - CONTROL NUMBER IDENTIFIER
control field OSt
005 - أخر تعامل مع التسجيلة
control field 20251221120246.0
008 - FIXED-LENGTH DATA ELEMENTS--GENERAL INFORMATION
fixed length control field 250827s2024 ua a|||frm||| 000 0 eng d
040 ## - CATALOGING SOURCE
Original cataloguing agency EG-GICUC
Language of cataloging ara
Transcribing agency EG-GICUC
Modifying agency EG-GICUC
Description conventions rda
041 0# - LANGUAGE CODE
Language code of text/sound track or separate title ara
Language code of summary or abstract ara
-- eng
049 ## - Acquisition Source
Acquisition Source إيداع
082 04 - DEWEY DECIMAL CLASSIFICATION NUMBER
Classification number 320.965
092 ## - LOCALLY ASSIGNED DEWEY CALL NUMBER (OCLC)
Classification number 320.965
Edition number 21
097 ## - Degree
Degree مــــاجستير
099 ## - LOCAL FREE-TEXT CALL NUMBER (OCLC)
Local Call Number Cai01.03.04.M.Sc.2024.يم.م
100 0# - MAIN ENTRY--PERSONAL NAME
Authority record control number or standard number ،يمنى صلاح الدين عبد الهادي على
Preparation إعداد.
245 10 - TITLE STATEMENT
Title محددات سلوك الجيش إزاء الاحتجاجات الشعبية في الجزائر :
Remainder of title دراسة لحالتي 1988 و2019 /
Statement of responsibility, etc. إعداد يمنى صلاح الدين عبد الهادي على؛ إشراف الأستاذ الدكتور/ علي الدين هلال دسوقي.
246 15 - VARYING FORM OF TITLE
Title proper/short title Determinants of the military's behavior towards popular protests in algeria :
Remainder of title A study of the cases of 1988 and 2019 protests /
264 #0 - PRODUCTION, PUBLICATION, DISTRIBUTION, MANUFACTURE, AND COPYRIGHT NOTICE
Date of production, publication, distribution, manufacture, or copyright notice 2024.
300 ## - PHYSICAL DESCRIPTION
Extent 163 صفحة :
Other physical details إيضاحيات ؛
Dimensions 25 cm. +
Accompanying material CD.
336 ## - CONTENT TYPE
Content type term text
Source rda content
337 ## - MEDIA TYPE
Media type term Unmediated
Source rdamedia
338 ## - CARRIER TYPE
Carrier type term volume
Source rdacarrier
502 ## - DISSERTATION NOTE
Dissertation note أطروحة (ماجستير)-جامعة القاهرة، 2024.
504 ## - BIBLIOGRAPHY, ETC. NOTE
Bibliography, etc. note ببليوجرافيا: صفحات 149-159.
520 ## - SUMMARY, ETC.
Summary, etc. تستعرض الدراسة التباين في موقف الجيش الجزائري تجاه الاحتجاجات الشعبية بين عامي 1988 و2019. تستند الدراسة إلى الإطار النظري الذي قدمه زولتان باراني لتحليل العوامل المؤثرة في موقف الجيش، بما في ذلك تماسك الجيش، علاقته بالنظام السياسي، وخصائص الاحتجاجات نفسها. توصلت الدراسة إلى أن ضبط النفس الذي أبداه الجيش عام 2019 مقارنة بالقمع العنيف عام 1988 يعود إلى تماسك الجيش الداخلي، وكذلك التجربة التاريخية للجيش، لعبوا دورًا رئيسيًا في اتخاذه موقفًا أكثر ضبطًا للنفس خلال احتجاجات 2019. كما أن الطابع السلمي والشامل للاحتجاجات الأخيرة قد قلل من خيارات القمع المتاحة. تبرز الدراسة أيضًا أهمية العلاقة بين الجيش والنظام، حيث كان الجيش أكثر ولاءً للنظام في عام 1988 نظرًا للمكاسب والامتيازات التي حصل عليها، بينما كانت محاولات نظام بوتفليقة لتقليص نفوذ الجيش أحد الأسباب التي دفعت الجيش للتخلي عنه عام 2019. بالإضافة إلى ذلك، أظهرت تجارب الدول المجاورة وخبرة الضباط الجزائريين في الخارج تأثيرًا واضحًا على مواقف الجيش.
520 ## - SUMMARY, ETC.
Summary, etc. This study examines the Algerian army's differing responses to popular protests in 1988 and 2019, using violence in the former and avoiding it in the latter. Based on Zoltan Barany's theoretical framework, the study analyzes factors such as military cohesion, the army's relationship with the political regime, and the characteristics of the protests. The findings suggest that the army's restraint in 2019 was influenced by its internal cohesion and the historical trauma of the "Black Decade." Additionally, the peaceful nature of the 2019 protests limited repressive options. The study also highlights how the army's loyalty to the regime in 1988 contrasted with its eventual distancing from Bouteflika in 2019 due to attempts to reduce its influence. Finally, regional experiences and the international exposure of Algerian officers shaped the army’s response.
530 ## - ADDITIONAL PHYSICAL FORM AVAILABLE NOTE
Issues CD صدر أيضًا كقرص مدمج.
546 ## - LANGUAGE NOTE
Text Language النص بالعربية والملخص باللغة الإنجليزية والعربية.
650 #7 - SUBJECT ADDED ENTRY--TOPICAL TERM
Topical term or geographic name entry element الاحوال السياسية
Geographic subdivision الجزائر
Source of heading or term qrmak
651 #7 - SUBJECT ADDED ENTRY--GEOGRAPHIC NAME
Geographic name الجزائر
General subdivision تاريخ
653 #0 - INDEX TERM--UNCONTROLLED
Uncontrolled term الجيش الجزائري
-- الاحتجاجات الشعبية
-- الحراك الجزائري 2019
700 0# - ADDED ENTRY--PERSONAL NAME
Personal name علي الدين هلال دسوقي
Relator term مشرف أطروحة.
900 ## - Thesis Information
Grant date 01-01-2024
Supervisory body علي الدين هلال دسوقي
Discussion body هبة زهرة
-- أحلام محمد السعدي فرهود
Universities جامعة القاهرة
Faculties كلية الاقتصاد والعلوم السياسية
Department قسم العلوم السياسية
905 ## - Cataloger and Reviser Names
Cataloger Name Sara Salah
Reviser Names Afaf
942 ## - ADDED ENTRY ELEMENTS (KOHA)
Source of classification or shelving scheme Dewey Decimal Classification
Koha item type Thesis
Edition 21
Suppress in OPAC No
المقتنيات
Source of classification or shelving scheme Home library Current library Date acquired Inventory number Full call number Barcode Date last seen Effective from Koha item type
Dewey Decimal Classification المكتبة المركزبة الجديدة - جامعة القاهرة قاعة الرسائل الجامعية - الدور الاول 26.11.2025 32766 Cai01.03.04.M.Sc.2024.يم.م 01010100032766000 26.11.2025 26.11.2025 Thesis
Cairo University Libraries Portal Implemented & Customized by: Eng. M. Mohamady Contacts: new-lib@cl.cu.edu.eg | cnul@cl.cu.edu.eg
CUCL logo CNUL logo
© All rights reserved — Cairo University Libraries
CUCL logo
Implemented & Customized by: Eng. M. Mohamady Contact: new-lib@cl.cu.edu.eg © All rights reserved — New Central Library
CNUL logo
Implemented & Customized by: Eng. M. Mohamady Contact: cnul@cl.cu.edu.eg © All rights reserved — Cairo National University Library